<?xml version="1.0" encoding="UTF-8"?>
<marc:record xmlns:marc="http://www.loc.gov/MARC21/slim">
   <marc:leader>00000nam a2200000 a 4500</marc:leader>
   <marc:datafield ind1="1" ind2=" " tag="100">
      <marc:subfield code="a">Feirer, Christina</marc:subfield>
      <marc:subfield code="4">aut</marc:subfield>
      <marc:subfield code="e">Verfasser/-in</marc:subfield>
   </marc:datafield>
   <marc:datafield ind1=" " ind2=" " tag="653">
      <marc:subfield code="a">Ratgeber</marc:subfield>
   </marc:datafield>
   <marc:datafield ind1=" " ind2=" " tag="653">
      <marc:subfield code="a">Handy</marc:subfield>
   </marc:datafield>
   <marc:datafield ind1=" " ind2=" " tag="653">
      <marc:subfield code="a">Achtsamkeit</marc:subfield>
   </marc:datafield>
   <marc:datafield ind1=" " ind2=" " tag="653">
      <marc:subfield code="a">Smartphone</marc:subfield>
   </marc:datafield>
   <marc:datafield ind1=" " ind2=" " tag="653">
      <marc:subfield code="a">Neue Medien</marc:subfield>
   </marc:datafield>
   <marc:datafield ind1=" " ind2=" " tag="653">
      <marc:subfield code="a">Social Media</marc:subfield>
   </marc:datafield>
   <marc:datafield ind1=" " ind2=" " tag="653">
      <marc:subfield code="a">Medienkompetenz</marc:subfield>
   </marc:datafield>
   <marc:datafield ind1=" " ind2=" " tag="653">
      <marc:subfield code="a">Medienmissbrauch</marc:subfield>
   </marc:datafield>
   <marc:datafield ind1="0" ind2="0" tag="245">
      <marc:subfield code="a">Likest du noch oder lebst du schon?</marc:subfield>
   </marc:datafield>
   <marc:datafield ind1="0" ind2="0" tag="245">
      <marc:subfield code="b">über den achtsamen Umgang mit dem Smartphone</marc:subfield>
   </marc:datafield>
   <marc:datafield ind1=" " ind2="1" tag="264">
      <marc:subfield code="b">Kremayr &amp; Scheriau</marc:subfield>
      <marc:subfield code="c">2022</marc:subfield>
   </marc:datafield>
   <marc:datafield ind1="1" ind2=" " tag="520">
      <marc:subfield code="a">Wir lassen uns bereitwillig ablenken - und zwar davon, uns mit uns selbst auseinanderzusetzen und herauszufinden, wie es uns tatsächlich geht. Und davon, wie wir unser Leben führen wollen. Morgens im Bett die Mails checken, mit einem Posting Likes sammeln, mit Menschen in aller Welt verbunden sein: Das Smartphone ist unser ständiger Begleiter, mehrere Stunden täglich verbringen wir mit Swipen, Tippen, Liken, Posten. Vergessen wir es einmal zuhause, haben wir Angst, etwas zu verpassen, werden nervös - warum eigentlich? Digital-Detox-Coach Christina Feirer erklärt mit Know-how, Empathie und Witz, warum Apps in unserem Hirn das Belohnungszentrum aktivieren, welche Urinstinkte Likes in uns wecken und zeigt, wie das Dauerfeuer an Nachrichten und Informationen auf uns wirkt. Dabei wird das Smartphone nicht verteufelt, im Gegenteil: Feirer unterstützt dabei, die Beziehung zu unserem schlauen digitalen Freund auf ganz persönliche Bedürfnisse und Anforderungen abzustimmen - und zwar so, dass Online- und Offlinezeit in Balance sind und bleiben.</marc:subfield>
   </marc:datafield>
   <marc:datafield ind1=" " ind2=" " tag="020">
      <marc:subfield code="a">9783218013062</marc:subfield>
      <marc:subfield code="9">9783218013062</marc:subfield>
   </marc:datafield>
</marc:record>
